[Event "1621"]
[Site "http://www.queenalice.com/game.php?id=590270"]
[Date "2009.5.18"]
[Round "-"]
[White "phystutordotcom"]
[Black "foXy"]
[Result "1-0"]
[WhiteElo "2112"]
[BlackElo "1216"]

1. Nf3 d5 2. d3 Qd6 3. Nbd2 Bg4 4. h3 Bxf3 5. Nxf3 Qb4+ 6. c3 Qa5 7. Qb3 Qb6 8.
Qxd5 Nd7 9. b3 c6 10. Qd4 Nc5 11. c4 Rd8 12. Qc3 g6 13. Qxh8 1-0

[Event "1624"]
[Site "http://www.queenalice.com/game.php?id=590273"]
[Date "2009.5.18"]
[Round "-"]
[White "foXy"]
[Black "phystutordotcom"]
[Result "0-1"]
[WhiteElo "1216"]
[BlackElo "2113"]

1. e4 d6 2. Qh5 Nf6 3. Qb5+ c6 4. Qg5 Nxe4 5. Qe3 d5 6. Bd3 Nd6 7. Nc3 Nd7 8. b4
g6 9. Nf3 Bg7 10. Qg5 h6 11. Qh4 O-O 12. Ba3 Qc7 0-1

[Event "Let's Play Chess!"]
[Site "http://www.queenalice.com/game.php?id=597163"]
[Date "2009.6.2"]
[Round "-"]
[White "foXy"]
[Black "plasticwindow"]
[Result "0-1"]
[WhiteElo "1188"]
[BlackElo "1717"]

1. c4 e5 2. b3 Nc6 3. Ba3 Bxa3 4. Qc2 Nf6 5. Nxa3 d6 6. Nb5 Nb4 7. Qb2 Bf5 8.
Qa3 Nc2+ 9. Kd1 Nxa3 10. Nxa3 d5 11. Rc1 d4 12. Nf3 Ne4 13. Nxe5 Nxf2+ 14. Ke1
Nxh1 15. Nb5 Qh4+ 16. g3 Nxg3 17. Bh3 Qe4 18. hxg3 Bxh3 19. Nd3 Qg2 20. Nxc7+
Kd8 0-1

[Event "Let's Play Chess!"]
[Site "http://www.queenalice.com/game.php?id=598768"]
[Date "2009.6.5"]
[Round "-"]
[White "Kike"]
[Black "foXy"]
[Result "1/2-1/2"]
[WhiteElo "1298"]
[BlackElo "1216"]

1. d4 Nf6 2. Nc3 Na6 3. e4 Nb4 4. Bc4 h5 5. Bd2 e6 6. Nf3 Bd6 7. O-O Ng4 8. Bg5
Bxh2+ 9. Nxh2 Qxg5 10. a3 Nxh2 11. Kxh2 Qh4+ 12. Kg1 Nc6 13. g3 Qh3 14. f4 Qxg3+
15. Kh1 Qh3+ 16. Kg1 Qg3+ 17. Kh1 Qh3+ 18. Kg1 Qg3+ 1/2-1/2

[Event "Let's Play Chess!"]
[Site "http://www.queenalice.com/game.php?id=602679"]
[Date "2009.6.14"]
[Round "-"]
[White "skatista99"]
[Black "foXy"]
[Result "1-0"]
[WhiteElo "1265"]
[BlackElo "1201"]

1. d4 h5 2. e4 Nf6 3. Nc3 c6 4. Bc4 b5 5. Bb3 Qa5 6. Bg5 Ng4 7. h3 Nxf2 8. Kxf2
b4 9. Na4 Qxg5 10. Nf3 Qa5 11. Rf1 Na6 12. d5 Bb7 13. Qd3 Rc8 14. Qc4 g6 15.
dxc6 Bxc6 16. Qxf7+ Kd8 17. Qxg6 Bxa4 18. Bf7 Bxc2 19. Nd4 Rh6 20. Qg8 1-0

[Event "Let's Play Chess!"]
[Site "http://www.queenalice.com/game.php?id=602777"]
[Date "2009.6.14"]
[Round "-"]
[White "elche"]
[Black "foXy"]
[Result "1-0"]
[WhiteElo "1632"]
[BlackElo "1207"]

1. e4 a6 2. Nf3 h5 3. d4 Nf6 4. e5 Nd5 5. c4 Nb4 6. a3 N4c6 7. d5 Na5 8. b4 c6
9. bxa5 cxd5 10. Qd2 dxc4 11. Bxc4 b5 12. Bxf7+ Kxf7 13. Ng5+ Kg8 14. Qd5+ e6
15. Nxe6 Kh7 16. Nxd8 Nc6 17. Nxc6 dxc6 18. Qxc6 Bb4+ 19. axb4 Rf8 20. Qxa8 Kg8
21. Qd5+ Rf7 22. e6 h4 23. exf7+ Kf8 24. Qd8+ Kxf7 25. Qxc8 1-0

[Event "Challenge"]
[Site "http://www.queenalice.com/game.php?id=721936"]
[Date "2010.1.28"]
[Round "-"]
[White "foXy"]
[Black "Ponce"]
[Result "0-1"]
[WhiteElo "1161"]
[BlackElo "1554"]

1. Nf3 d5 2. b3 d4 3. Bb2 Nc6 4. d3 e5 5. Qd2 Bb4 6. c3 Ba5 7. Qg5 Qxg5 8. Nxg5
f6 9. Ne4 b5 10. b4 Bb6 0-1

[Event "Challenge"]
[Site "http://www.queenalice.com/game.php?id=742851"]
[Date "2010.3.8"]
[Round "-"]
[White "Ponce"]
[Black "foXy"]
[Result "1-0"]
[WhiteElo "1574"]
[BlackElo "1157"]

1. d4 Nc6 2. e4 Nxd4 3. Nf3 Nxf3+ 4. Qxf3 g6 5. Bc4 f6 6. Nc3 Bh6 7. Bxh6 Nxh6
8. Qh3 Nf7 9. Qxh7 Rxh7 10. Bd3 Ng5 11. O-O-O f5 12. exf5 Rh6 13. fxg6 d5 14. h4
Nf7 15. g7 Kd7 16. Bf5+ e6 17. Bh3 Rxh4 18. Bxe6+ Kxe6 19. g3 Rxh1 20. Rxh1 d4
21. Rd1 Qg5+ 22. f4 Qxg7 23. Nb5 Bd7 24. Nxc7+ Kf6 25. Nxa8 Bg4 26. Rxd4 Ke7 27.
c3 Nd6 28. Nc7 Nf5 29. Re4+ Kd8 30. Ne6+ Kc8 31. Nxg7 Nxg7 32. b4 Bf3 33. Re3
Bg4 34. a4 Nf5 35. Re8+ Kd7 36. Rg8 Be2 37. g4 Ne3 38. g5 Nd1 39. Kd2 Bh5 40.
Rg7+ 1-0

[Event "foXy"]
[Site "http://www.queenalice.com/game.php?id=747436"]
[Date "2010.3.17"]
[Round "-"]
[White "foda"]
[Black "foXy"]
[Result "1-0"]
[WhiteElo "1444"]
[BlackElo "1155"]

1. e4 d5 2. Qf3 Qd6 3. Nh3 Qf6 4. d3 Qxf3 5. gxf3 Bxh3 6. Bxh3 c6 7. exd5 cxd5
8. c4 Na6 9. O-O Rc8 10. Nc3 Nb4 11. Bxc8 Nc2 12. Be3 Nxa1 13. Rxa1 Nh6 14. Nxd5
e6 15. Nf4 g5 16. Nh5 Rg8 17. Nf6+ Kd8 18. Nxg8 Nxg8 19. Bxb7 Bb4 20. Bxg5+ 1-0

[Event "Let's Play Chess!"]
[Site "http://www.queenalice.com/game.php?id=752525"]
[Date "2010.3.27"]
[Round "-"]
[White "Gil"]
[Black "foXy"]
[Result "1-0"]
[WhiteElo "1922"]
[BlackElo "1159"]

1. d4 g6 2. e4 h5 3. Nc3 Bg7 4. Be3 Bh6 5. Qf3 Nc6 6. Bc4 Bxe3 7. Qxe3 Nb4 8.
O-O-O c6 9. a3 Qa5 10. axb4 Qa1+ 11. Kd2 Qxb2 12. Nf3 Qxb4 13. Bb3 Nf6 14. Ng5
Ng4 15. Qf4 Qxd4+ 16. Ke2 Qxc3 17. Qxf7+ Kd8 18. Ne6# 1-0